000 00430nam a2200205Ia 4500
001 13424
003 GE_BSU
008 181216s||||||||xx |||||||||||||| ||und||
020 _a978000651234
040 _cGE_BSU
080 _a821.111-32
100 _aParsons,Tony
245 _aMan and Boy
260 _aLondon
260 _bHarper Collins
260 _c1999
300 _a344p.20cm.
653 _aMan and Boy
942 _cBK
999 _c46584
_d46584